Các phương pháp phân tích hoá học hữu cơ T. 2 Các phương pháp phân tích hoá học hữu cơ
Các phương pháp phân tích hoá hữu cơ: Nghiên cứu các hợp chất chứa nhóm Cácbonxyl, nitril và nhóm izonitril, các dẫn suất của aitx các bonic, hợp chất chứa lưu huỳnh, hợp chất chứa ni tơ
Gespeichert in:
| 1. Verfasser: | |
|---|---|
| Weitere Verfasser: | , , , |
| Format: | Buch |
| Sprache: | Vietnamese |
| Veröffentlicht: |
H.
Khoa học và kỹ thuật
1980
|
| Schlagworte: | |
| Tags: |
Tag hinzufügen
Keine Tags, Fügen Sie den ersten Tag hinzu!
|
| Thư viện lưu trữ: | Mạng thư viện Đại học Đà Nẵng |
|---|
| LEADER | 01599nam a2200385 4500 | ||
|---|---|---|---|
| 001 | 000008593 | ||
| 003 | 4783 | ||
| 005 | 20111019151006.0 | ||
| 008 | 111019s1980 viesd | ||
| 041 | 0 | |a vie | |
| 082 | |a 547.3 |b WE-H | ||
| 100 | 0 | |a Weyl, Houben | |
| 245 | 1 | 0 | |a Các phương pháp phân tích hoá học hữu cơ |c Houben Weyl ; Người dịch: Nguyễn Đức Huệ, ... |n T. 2 |p Các phương pháp phân tích hoá học hữu cơ |
| 260 | |a H. |b Khoa học và kỹ thuật |c 1980 | ||
| 300 | |a 247tr |c 24cm | ||
| 520 | |a Các phương pháp phân tích hoá hữu cơ: Nghiên cứu các hợp chất chứa nhóm Cácbonxyl, nitril và nhóm izonitril, các dẫn suất của aitx các bonic, hợp chất chứa lưu huỳnh, hợp chất chứa ni tơ | ||
| 653 | |a Phân tích | ||
| 653 | |a Hóa học | ||
| 653 | |a Hữu cơ | ||
| 700 | |a Nguyễn Đức Huệ |e Dịch | ||
| 700 | |a Đào Hữu Vinh |e Dịch | ||
| 700 | |a Nguyễn Đình Soa |e Dịch | ||
| 700 | |a Nguyễn Đức Thạch |e Dịch | ||
| 773 | |t Các phương pháp phân tích hóa học hữu cơ |w 4777 | ||
| 910 | |a MPhuong |d 19/10 | ||
| OWN | |a LSP | ||
| AVA | |a UDN50 |b LSP |d 547.3 WE-H |e unavailable |t Error 5002 Not defined in file expand_doc_bib_avail. |f 1 |g 1 |h N |i 0 |k 1 | ||
| 999 | |a From the UDN01 | ||
| AVA | |a UDN50 |b LSP |d 547.3 WE-H |e unavailable |t Error 5002 Not defined in file expand_doc_bib_avail. |f 1 |g 1 |h N |i 0 |k 1 | ||
| TYP | |a Monograph | ||
| TYP | |a Printed language | ||
| 980 | |a Mạng thư viện Đại học Đà Nẵng | ||